Statistiche per Patronus dei personaggi di Harry Potter

Clicka qui per fare il quiz!

Statistiche generali

  • Questo quiz è stato fatto 761 volte
  • Il punteggio medio è 8 su 16

Statistiche sulle risposte

PersonnaggioPatronus% Corretto
Harry PotterCervo
98%
Minerva McGranittGatto
88%
Ron WeasleyJack Russell terrier
86%
Remus LupinLupo
76%
Albus SilenteFenice
71%
Luna LovegoodLepre
68%
Lily PotterCerva
66%
Ginny WeasleyCavallo
56%
Hermione GrangerLontra
54%
Aberforth SilenteCapra
40%
Seamus FinniganVolpe
30%
Cho ChangCigno
25%
Kingsley ShackleboltLince
23%
Arthur WeasleyDonnola
22%
Ernie MacMillanCinghiale
18%
Fred WeasleyGazza
12%

Distribuzione punteggi

Percentile per numero di risposta

Percentuale di utenti per punteggio

I tuoi punteggi nel tempo

Non hai fatto questo quiz